000 01333nam a22004097a 4500
003 CHAP
005 20220329133431.0
008 971013s1992 r 00010 d
010 _a6318
011 _a7290
035 _a6513
040 _cCHAP
090 _aTesis
100 0 0 _aEspinoza López, Joel.
_938051
245 _aEstructura de praderas nativas tropicales a diferentes asignaciones de forraje (quinta fase)
260 _aChapingo, Méx. :
_bEl autor,
_c1992
300 _a92 h.
500 _a61-214
502 _aTesis (Ing. Agr. Esp. en Zootecnia) -- UACH. Departamento de Zootecnia
590 _aALEPH
_b10
_c20130110
_lUCH01
_h1218
590 _aBATCH-UPD
_b10
_c20130109
_lUCH01
_h2344
590 _aBATCH-UPD
_b10
_c20130110
_lUCH01
_h0846
590 _aBATCH-UPD
_b10
_c20130409
_lUCH01
_h1913
590 _aBATCH-UPD
_b10
_c20130410
_lUCH01
_h0519
590 _aBATCH-UPD
_b10
_c20130914
_lUCH01
_h0501
590 _aCONVERSION
_b10
_c20130109
_lUCH01
_h1305
650 1 4 _aAxonopus.
_98905
650 1 4 _aGramíneas.
_950260
650 1 4 _aPaspalum.
_985868
650 1 4 _aPastizales
_xTrópicos.
_985963
650 1 4 _aPastos forrajeros.
_986094
650 1 4 _aPastos
_xEspaciamiento.
_986027
700 0 _aEstrada, Gonzalo.
_938453
901 _aBK
942 _cTESIS
949 _bBC
_cTES
_d-16119
_eTS1
_h25367
_i6513
_si
999 _c6318
_d6318